Score 0/13 Timer 01:30
1 Play Today
Clue 4-Letter Word % Correct
10¢ coinDIME
97.3%
Judi Dench, Helen Mirren, or Angela Lansbury, e.g.DAME
93.3%
Katniss Everdeen: 'Girl on ___'FIRE
90.7%
Serious or urgentDIRE
90.3%
Not very good, like a jokeLAME
89.4%
Unconcealed or unclothedBARE
89.3%
Of high qualityFINE
85.8%
Shakespeare-esque poetBARD
83.8%
✽✿❁____ [last rung] Johnson, LBJ's wife's nickname✽✿❁✽✿❁LADY✽✿❁
83.8%
'The Dark Knight Rises' villainBANE
81.8%
✽✿❁[first rung] ____ Johnson, LBJ's wife's nickname✽✿❁✽✿❁BIRD✽✿❁
80.6%
Ship goods as cargoLADE
77.5%
Long stem of a climbing plantBINE
73.7%

Today's Daily Dose

Remove Ads.
Support Sporcle.
Get the best of Sporcle when you Go Orange. This ad-free experience offers more features, more stats, and more fun while also helping to support Sporcle. Thank you for becoming a member.

You're not logged in!

Compare scores with friends on all Sporcle quizzes.
OR
Log In

Show Comments

Extras

Top Quizzes Today


Score Distribution

Your Account Isn't Verified!

In order to create a playlist on Sporcle, you need to verify the email address you used during registration. Go to your Sporcle Settings to finish the process.

Report this User

Report this user for behavior that violates our Community Guidelines.

Details: